NCAA Men’s Lacrosse Division I Champions - Statistics

General Stats
  • This quiz has been taken 122 times
  • The average score is 51 of 54
Answer Stats
Year Score Finalist Champion % Correct
2012 9-3 Maryland Loyola Maryland
100%
1973 10-9 Johns Hopkins Maryland
100%
1975 20-13 Navy Maryland
100%
2017 9-6 Ohio State Maryland
100%
2022 9-7 Cornell Maryland
100%
1971 12-6 Maryland Cornell
99%
1976 16-13 Maryland Cornell
99%
1977 16-8 Johns Hopkins Cornell
99%
2025 13-10 Maryland Cornell
99%
2010 6-5 Notre Dame Duke
97%
2013 16-10 Syracuse Duke
97%
2014 11-9 Notre Dame Duke
97%
1974 17-12 Maryland Johns Hopkins
97%
1978 13-8 Cornell Johns Hopkins
97%
1979 15-9 Maryland Johns Hopkins
97%
1980 9-8 Virginia Johns Hopkins
97%
1984 13-10 Syracuse Johns Hopkins
97%
1985 11-4 Syracuse Johns Hopkins
97%
1987 11-10 Cornell Johns Hopkins
97%
2005 9-8 Duke Johns Hopkins
97%
2007 12-11 Duke Johns Hopkins
97%
1992 10-9 Syracuse Princeton
97%
1994 9-8 Virginia Princeton
97%
1996 13-12 Virginia Princeton
97%
1997 19-7 Maryland Princeton
97%
1998 15-5 Maryland Princeton
97%
2001 10-9 Syracuse Princeton
97%
1983 17-16 Johns Hopkins Syracuse
95%
1988 13-8 Cornell Syracuse
95%
1989 13-12 Johns Hopkins Syracuse
95%
1990 21-9 Loyola Maryland Syracuse
95%
1993 13-12 North Carolina Syracuse
95%
1995 13-9 Maryland Syracuse
95%
2000 13-7 Princeton Syracuse
95%
2002 13-12 Princeton Syracuse
95%
2004 14-13 Navy Syracuse
95%
2008 13-10 Johns Hopkins Syracuse
95%
2009 10-9 Cornell Syracuse
95%
1972 13-12 Johns Hopkins Virginia
95%
1999 12-10 Syracuse Virginia
95%
2003 9-7 Johns Hopkins Virginia
95%
2006 15-7 Massachusetts Virginia
95%
2011 9-7 Maryland Virginia
95%
2019 13-9 Yale Virginia
95%
2021 17-16 Maryland Virginia
95%
2018 13-11 Duke Yale
94%
2023 13-9 Duke Notre Dame
92%
2024 15-5 Maryland Notre Dame
92%
1981 14-13 Johns Hopkins North Carolina
87%
1982 7-5 Johns Hopkins North Carolina
87%
1986 10-9 Virginia North Carolina
87%
1991 18-13 Towson North Carolina
87%
2016 14-13 Maryland North Carolina
87%
2015 10-5 Maryland Denver
67%
No matching quizzes found
Score Distribution
Percent of People with Each Score
Percentile by Number Answered
Your Score History
You have not taken this quiz